000 00909nam a2200289Ia 4500
001 Para_9467
003 CHAP
008 220125s2008 xx 000 0 und d
010 _a205844
040 _cCHAP
090 _aTESIS 2179
100 _aGómez Hernández, Jeú
_949752
245 _aAislamiento e identificación de bacterias degradadoras del herbicida 2,4-D /
_c por Jeú Gómez Hernández
260 _aChapingo, Méx. :
_b el autor
300 _a47 h.
502 _aTesis (Ing. Agr. Esp. en Parasitología Agrícola) -- UACh. Departamento Parasitología Agrícola
650 _aBacterias
_99318
650 _aHerbicidas
_953691
710 _aUACh. Departamento Parasitología Agrícola
_9164025
901 _aTESIS 2179
902 _aM
905 _a0000002008 n 0000000000 00
910 _a2008
942 _cPARA
942 _cPARA
_d2
999 _c205844
_d205844